| 000 | 00802 a2200205 4500 | ||
|---|---|---|---|
| 020 | _a0780347013 | ||
| 020 | _a9780780347014 | ||
| 082 | _a537,FRO | ||
| 100 |
_aWerner, Douglas H. _98641 |
||
| 245 | 1 | 0 |
_aFrontiers in electromagnetics / _cDouglas H. Werner, Raj Mittra. |
| 250 | _a1st ed. | ||
| 260 |
_a[S.l.] : _bWiley-IEEE Press, _c2000. |
||
| 300 |
_a814 p. ; _c26 cm. |
||
| 490 | 1 | _aIeee press series on rf and microwave technology. | |
| 505 | _aPart 1:- Geometry, Topology, and Grous (Page-1), Optimization and Estimation (Page-329), Part 3:- Analytic Methods (Page-474), Part 5:- Numerical Methods (Page-669). | ||
| 700 | 1 |
_aWerner, Douglas H. _98641 |
|
| 700 | 1 |
_aMittra, Raj. _98642 |
|
| 830 | 0 |
_aIeee press series on rf and microwave technology. _98643 |
|
| 942 |
_aSNS _cBK _k537 WER _2ddc |
||
| 999 |
_c175437 _d175437 |
||